000 00859nam a2200217 i 4500
001 159782
003 ES-MaACL
005 20250927111903.0
008 040726s1867 fr a |||| | fre d
040 _aCAM
_bspa
_cCAM
100 1 _aMirecourt, Eugène de,
_d1812-1880
_9129980
245 1 0 _aFrançois Arago /
_cpar Eugène de Mirecourt.
260 _aParis :
_bAchille Faure éditeur,
_c1867 (
_eMirecourt :
_fTyp. de L.-Ph. Costet et c\pie\s)
300 _a72 p., [1] h. de lám. ;
_c14 cm.
490 1 _aHistoire contemporaine : portraits et silhouette au XIXe siècle
599 _aLa h. de lám. retrato de F. Arago.
600 1 4 _aArago, François,
_d1786-1853
_922164
830 0 _aHistoire contemporaine : portraits et silhouette au XIXe siècle
_9221982
852 _aES-MaACL
_jG-14947(4)
_z-- Enc. hol.
999 _c159782
_d159782